| 000 | 00711cab a2200181 4500 | ||
|---|---|---|---|
| 001 | L130902 | ||
| 008 | 050914n2005 000 0 eng u | ||
| 035 | _a(Sirsi) u130902 | ||
| 041 | 0 | _aeng | |
| 110 | 2 |
_aBrodies _92426 |
|
| 245 |
_aWindfarm agreements _bwho has the power? |
||
| 260 | _c2005 | ||
| 490 | 4 |
_aThe In-House Lawyer _v(130) May 2005, 82-83 |
|
| 520 | _aDiscusses what developers and landowners should consider when negotating agreements to develop a particular site as a wind farm. Considers option agreements, leases, different rent options and termination of the lease. | ||
| 651 | 4 |
_aScotland _y1999- |
|
| 690 | _aPROPERTY-INFRASTRUCTURE-POWER AND MINERAL SUPPLY INFRASTRUCTURE | ||
| 942 | _n0 | ||
| 999 |
_c75868 _d75868 |
||